| 000 | 00531nam a2200205Ia 4500 | ||
|---|---|---|---|
| 003 | OSt | ||
| 005 | 20230411121015.0 | ||
| 008 | 210423s2006 xx 000 0 und d | ||
| 020 | _a8180617858 | ||
| 040 | _cAL | ||
| 041 | _aeng | ||
| 082 |
_a614.102 _223 _bSHAR |
||
| 100 |
_aSHARMA (R K). _978348 |
||
| 245 | _aMCQs in forensic medicine and toxicology. | ||
| 260 |
_aNew Delhi _bJaypee Brothers _c2006 |
||
| 300 |
_ax,126 _bPB |
||
| 365 |
_b95 _cINR |
||
| 906 | _aforensic ; Mcqs ; medicine ; toxicology. | ||
| 942 |
_2ddc _cBK |
||
| 999 |
_c154158 _d154158 |
||